LEADER 02585nlm0 22006971i 450 001 990009256100403321 010 $a9783540850335 035 $a000925610 035 $aFED01000925610 035 $a(Aleph)000925610FED01 035 $a000925610 100 $a20100926d2008----km-y0itay50------ba 101 0 $aeng 102 $aDE 135 $adrnn-008mamaa 200 1 $aAdvances in Web Based Learning - ICWL 2008$bRisorsa elettronica$e7th International Conference, Jinhua, China, August 20-22, 2008. Proceedings$fedited by David Hutchison, Takeo Kanade, Josef Kittler, Jon M. Kleinberg, Friedemann Mattern, John C. Mitchell, Moni Naor, Oscar Nierstrasz, C. Pandu Rangan, Bernhard Steffen, Madhu Sudan, Demetri Terzopoulos, Doug Tygar, Moshe Y. Vardi, Gerhard Weikum, Frederick Li, Jianmin Zhao, Timothy K. Shih, Rynson Lau, Qing Li, Dennis McLeod 210 $aBerlin ; Heidelberg$cSpringer$d2008 225 1 $aLecture Notes in Computer Science$x0302-9743$v5145 230 $aDocumento elettronico 336 $aTesto 337 $aFormato html, pdf 702 1$aHutchison,$bDavid 702 1$aKanade,$bTakeo 702 1$aKittler,$bJosef 702 1$aKleinberg,$bJon M. 702 1$aLau,$bRynson 702 1$aLi,$bFrederick 702 1$aLi,$bQing 702 1$aMattern,$bFriedemann 702 1$aMcLeod,$bDennis 702 1$aMitchell,$bJohn C. 702 1$aNaor,$bMoni 702 1$aNierstrasz,$bOscar 702 1$aPandu Rangan,$bC. 702 1$aShih,$bTimothy K. 702 1$aSteffen,$bBernhard 702 1$aSudan,$bMadhu 702 1$aTerzopoulos,$bDemetri 702 1$aTygar,$bDoug 702 1$aVardi,$bMoshe Y. 702 1$aWeikum,$bGerhard 702 1$aZhao,$bJianmin 801 0$aIT$bUNINA$gREICAT$2UNIMARC 856 4 $zFull text per gli utenti Federico II$uhttp://dx.doi.org/10.1007/978-3-540-85033-5 901 $aEB 912 $a990009256100403321 961 $aArtificial intelligence 961 $aArtificial Intelligence (incl. Robotics) 961 $aComputer science 961 $aComputer Science 961 $aComputers and Education 961 $aEducation 961 $aInformation Storage and Retrieval 961 $aInformation storage and retrieval systems 961 $aInformation systems 961 $aInformation Systems Applications (incl.Internet) 961 $aMultimedia Information Systems 961 $aMultimedia systems 961 $aUser Interfaces and Human Computer Interaction 996 $aAdvances in Web Based Learning - ICWL 2008$9774454 997 $aUNINA LEADER 01168nam0-22003011i-450 001 990006029850403321 005 20200324122911.0 010 $a88-14-07491-7 035 $a000602985 035 $aFED01000602985 035 $a(Aleph)000602985FED01 035 $a000602985 100 $a20010327d1999----km-y0itay50------ba 101 0 $aita 102 $aIT 105 $ay-------001yy 200 1 $aSicurezza e responsabilità nei cantieri$eanalisi giuridico-sistematica del D.Lgs. n. 494/96 coordinato con il D. Lgs. n. 626/94, responsabilità e sanzioni$edecreto legislativo n. 494 del 14 agosto 1996 e circolari interpretative, attuazione della direttiva 92/57/CEE concernente le prescrizioni minime di sicurezza e di salute da attuare nei cantieri temporanei o mobili$fFernanda Cervetti Spriano 210 $aMilano$cGiuffrè$d1999 215 $aXI, 212 p.$d24 cm 676 $a344.0465 700 1$aCervetti Spriano,$bFernanda$0344079 801 0$aIT$bUNINA$gRICA$2UNIMARC 901 $aBK 912 $a990006029850403321 952 $aVII F 291$b39068*$fFGBC 959 $aFGBC 996 $aSicurezza e responsabilità nei cantieri$9580133 997 $aUNINA